Investment : Analysis and management
The book comprehensively covers modern investments analysis, highlighting risk-return abalysis and efficient markets.
Đã lưu trong:
| Príomhúdar: | |
|---|---|
| Formáid: | Leabhar |
| Teanga: | Undetermined |
| Foilsithe: |
New York
McGraw-Hill
1980
|
| Ábhair: | |
| Clibeanna: |
Cuir Clib Leis
Gan Chlibeanna, Bí ar an gcéad duine leis an taifead seo a chlibeáil!
|
| Thư viện lưu trữ: | Trung tâm Học liệu Trường Đại học Cần Thơ |
|---|
| LEADER | 00665nam a2200205Ia 4500 | ||
|---|---|---|---|
| 001 | CTU_40898 | ||
| 008 | 210402s9999 xx 000 0 und d | ||
| 082 | |a 332.6 | ||
| 082 | |b F818 | ||
| 100 | |a Francis, Jack Clark | ||
| 245 | 0 | |a Investment : | |
| 245 | 0 | |b Analysis and management | |
| 245 | 0 | |c Jack Clark Francis | |
| 260 | |a New York | ||
| 260 | |b McGraw-Hill | ||
| 260 | |c 1980 | ||
| 520 | |a The book comprehensively covers modern investments analysis, highlighting risk-return abalysis and efficient markets. | ||
| 650 | |a Investments,Securities,Đầu tư,An ninh | ||
| 904 | |i Minh, 010419 | ||
| 980 | |a Trung tâm Học liệu Trường Đại học Cần Thơ | ||